| 000 | 005720000a22001810004500 | ||
|---|---|---|---|
| 001 | 768714001 | ||
| 003 | CO-MdFUSB | ||
| 005 | 20170612162801.0 | ||
| 008 | 170612s2005 cr ||||| |||| 00| 0 spa d | ||
| 022 | _a1409-1968 | ||
| 040 |
_aCO-MdFUSB _bspa _cCO-MdFUSB _dCO-MdFUSB |
||
| 041 | _aspa | ||
| 245 | 1 | 0 |
_aPasión por los perdidos: _bDwight L. Moody |
| 300 |
_aVolumen 22. Número 2 (2005), Páginas 52-53 _c 27 cm. |
||
| 546 | _aTexto en español | ||
| 773 | 0 |
_tApuntes Pastorales _049442 _960139 _gVolumen 22. Número 2 (2005), Páginas 52-53 _qPágina 52 |
|
| 942 | _cANA | ||
| 999 |
_c60932 _d60932 |
||